Hockey Players from Quebec, 50 goals or more - Statistics

General Stats
  • This quiz has been taken 956 times
  • The average score is 8 of 16
Answer Stats
Hint Answer % Correct
Guy Lafleur
97%
Maurice Richard
92%
Jacques Richard
92%
Mario Lemieux
81%
Vincent Lecavalier
69%
Luc Robitaille
60%
Marcel Dionne
58%
Bernard Geoffrion
46%
Stephane Richer
45%
Pierre Turgeon
42%
Michel Goulet
36%
Pierre Larouche
14%
Michel Bossy
11%
Richard Martin
8%
Guy Chouinard
4%
Jean Pronovost
4%
No matching quizzes found
Score Distribution
Percent of People with Each Score
Percentile by Number Answered
Your Score History
You have not taken this quiz